000 00789nam a2200265 i 4500
003 DO-SdBNP
005 20240403101034.0
007 ta
008 240403s2015 dr 000 j spa d
020 _a9788490953983
040 _aDO-SdBNP
_bspa
_cBNPHU
_erda
082 _bP426
_222
100 _aPeralta, Janibell
_979804
245 1 0 _aQuién no quiere una rosa /
_cJanibell Peralta
264 1 _a[España] :
_bCirculo Rojo,
_c2015.
300 _a179 páginas,
_c22 cm.
336 _2rdacontent
_atexto
_btxt
337 _2rdamedia
_asin mediación
_bn
338 _2rdacarrier
_avolumen
_bnc
490 1 _aAutoayuda
500 _aIncluye datos biografícos de la autora en la solapa de la portada.
590 _aInventariado, 2024/ YL
910 _aYLockward
942 _2ddc
_cLBS1
999 _c56225
_d56225